Bệnh học ngoại khoa

Salvato in:
Dettagli Bibliografici
Autore principale: Bộ môn ngoại
Natura: Libro
Lingua:Undetermined
Pubblicazione: Tp. HCM Trường Đại học Y Dược Tp. HCM 1984
Soggetti:
Tags: Aggiungi Tag
Nessun Tag, puoi essere il primo ad aggiungerne! !
Thư viện lưu trữ: Trung tâm Học liệu Trường Đại học Cần Thơ
LEADER 00492nam a2200169Ia 4500
001 CTU_45968
008 210402s9999 xx 000 0 und d
082 |a 617 
082 |b B450 / T2 
100 |a Bộ môn ngoại 
245 0 |a Bệnh học ngoại khoa 
245 0 |c Bộ môn ngoại 
260 |a Tp. HCM 
260 |b Trường Đại học Y Dược Tp. HCM 
260 |c 1984 
650 |a pathology, surgical 
980 |a Trung tâm Học liệu Trường Đại học Cần Thơ